Statistics for Pokemon Types

Click here to take the quiz!

General Stats

  • This quiz has been taken 975 times
  • The average score is 15 of 17

Answer Stats

Hint Answer % Correct
SquirtleWater
98%
ChimcharFire
98%
CaterpieBug
97%
DragonairDragon
96%
BellossomGrass
95%
JigglypuffNormal
93%
KoffingPoison
93%
PlusleElectric
92%
AbsolDark
92%
TornadusFlying
91%
MisdreavusGhost
88%
CuboneGround
88%
SudowoodoRock
88%
MienshaoFighting
85%
VanilluxeIce
85%
KirliaPsychic
81%
MawileSteel
77%

Score Distribution

Percentile by Number Answered

Percent of People with Each Score

Your Score History

You have not taken this quiz